|
|
|
|
| LEADER |
00663nam a22001931 4500 |
| 001 |
c000348443 |
| 003 |
CARM |
| 005 |
00000000000000.0 |
| 008 |
851003s1965 enk 00001 eng d |
| 019 |
1 |
|
|a 3979929
|5 LACONCORD2021
|
| 035 |
|
|
|a (OCoLC)17273450
|5 LACONCORD2021
|
| 040 |
|
|
|d VIT
|
| 100 |
1 |
|
|a Moore, Brian,
|d 1921-
|
| 245 |
1 |
3 |
|a An answer from Limbo.
|
| 260 |
|
|
|a Harmondsworth :
|b Penguin Books,
|c 1965.
|
| 852 |
8 |
|
|b CARM
|h A1:AM33A0
|i A05081
|p 0435969
|f BK
|
| 082 |
0 |
4 |
|a 813.5
|
| 999 |
f |
f |
|i 2c2171b3-f91c-5f5b-b00b-d29e58ae66a6
|s d2d3077f-8e2e-5274-9f8c-ac2b7624617d
|
| 952 |
f |
f |
|p Can circulate
|a CAVAL
|b CAVAL
|c CAVAL
|d CARM 1 Store
|e A05081
|f A1:AM33A0
|h Other scheme
|i book
|m 0435969
|